| 000 | 00418nam a2200181Ia 4500 | ||
|---|---|---|---|
| 100 | _aCoronel/Carlos/ Morris/Steven | ||
| 650 | _aDatabase | ||
| 250 | _a9 | ||
| 942 | _cBK | ||
| 366 | _f25 | ||
| 654 | _adatabase principles | ||
| 245 | _aDatabase Principles:Fundamentals of design | ||
| 260 |
_bCengage Learning _c2011 |
||
| 082 |
_a5.73 _bCOR |
||
| 300 | _a698 | ||
| 546 |
_aENGLISH _celectronics |
||
| 999 |
_c35341 _d35341 |
||